000 00217nam a2200097Ia 4500
005 20251222114416.0
008 251222s1900||||xx |||||||||||||| ||spa||
082 _aDVD0070/K97/1995
245 0 _aUnderground:
942 _cDVD
999 _c2225
_d2225